• 首页
  • 本馆介绍
  • 公告通知
  • 最新文献
  • 馆藏检索
  • 电子资源
  • 读者导购
  • 参考咨询
  • 我的图书馆
  • 登录
  • 期刊详细显示
  • 现刊情况显示
  • 合订本情况显示
  • 篇目信息显示

期刊信息

  • 表格格式
  • 工作单格式
  • 卡片格式
索取号 
H3/EJ
题名 
English Journal
作者 
LOUANN REID
分册号 
分册名 
出版地 
出版者 
National Council of Teachers of English
标准刊号 
0013-8274
出版频率 
双月刊
中图法分类 
H3
主题词 
外语 常用
电子资源 
000 00708nas0 2200217 45
001 0638687437
005 20210916163719.00
011    @a0013-8274@d$40.00(2005)
100    @a20060227d km y0chiy0120 ea
101 0  @aeng
200 1  @aEnglish Journal@fLOUANN REID
207    @aEnglish Journal is published bimonthly in Septemberm,November,January,March,May and July by the National Council of Teachers of English.
210    @cNational Council of Teachers of English
300    @a2008(6)未装订存于密集书库1
326    @a双月刊
517 1  @aNational Council of Teachers of English
606 0  @a外语@x常用
690    @aH3@v4
701  0 @aLOUANN REID
801  0 @aCN@bPFT@c20070416
905    @aTJWY@dH3@eEJ
    
    English Journal/LOUANN REID.-English Journal is published bimonthly in Septemberm,November,January,March,May and July by the National Council of Teachers of English.-National Council of Teachers of English
    
    2008(6)未装订存于密集书库1
    
    ISSN 0013-8274:$40.00(2005)
    
●
相关链接: 在易读查询期刊 在中国知网中查询期刊 在万方数据查询期刊 在维普查询期刊
唐山师范学院图书馆 欢迎您!
大连网信软件有限公司© 版权所有